MARC

LEADER 00000nam^a2200000^a^4500
001 000187960
005 20250521000000.0
009 20260310102321.144
037 |a Acervo ITESO - Biblioteca 
041 |a ESP 
082 |a 320. 972  |b PLA JAL URB 1989-1992 V. 39 
110 |a Jalisco.  |b Secretaría de Desarrollo Urbano 
240 1 1 |a [Plan Nacional de Desarrollo, 1989-1994] 
240 1 1 |a [Plan Nacional de Desarrollo Urbano, 1988-1994] 
240 1 1 |a [Plan Municipal de Desarrollo Urbano] 
245 1 0 |a Plan Municipal de Desarrollo Urbano [de Guadalajara] /  |c SEDEUR. 
264 |a Guadalajara, México :  |b Ayuntamiento de Guadalajara,  |c fecha no identificada 
300 |a 1 v. (sin paginación) 
336 |a texto  |b txt  |2 rdacontenido 
337 |a sin mediación  |b n  |2 rdamedio 
338 |a volumen  |b nc  |2 rdasoporte 
649 |a XX 
650 |a Uso del Suelo -  |z Guadalajara, Jalisco 
650 |a Uso del Suelo -  |z Jalisco 
650 |a Uso del Suelo -  |z México 
650 |a Planeación Urbana -  |z Guadalajara, Jalisco 
650 |a Planeación Urbana -  |z Jalisco 
650 |a Planeación Urbana -  |z México 
650 |a Desarrollo Urbano -  |z Guadalajara, Jalisco 
650 |a Desarrollo Urbano -  |z Jalisco 
650 |a Desarrollo Urbano -  |z México 
650 |a Asentamientos Humanos -  |z Guadalajara, Jalisco 
650 |a Asentamientos Humanos -  |z Jalisco 
650 |a Asentamientos Humanos -  |z México 
650 |a Zonificación Urbana -  |z Guadalajara, Jalisco 
650 |a Zonificación Urbana -  |z Jalisco 
650 |a Zonificación Urbana -  |z México 
650 |a Política Urbana -  |z Guadalajara, Jalisco 
650 |a Política Urbana -  |z Jalisco 
650 |a Política Urbana -  |z México 
650 |a Urbanismo -  |z Guadalajara, Jalisco -  |x Historia -  |y 1989-1992 
650 |a Urbanismo -  |z Jalisco -  |x Historia -  |y 1989-1992 
650 |a Urbanismo -  |z México -  |x Historia -  |y 1989-1992 
650 |a Guadalajara, Jalisco -  |x Planeación 
650 |a Jalisco -  |x Planeación 
650 |a México -  |x Planeación 
910 |a Fondo Julio de la Peña Lomelín 
920 |a Impresos - Libros 
930 |a Arquitectos Jaliscienses 
905 |a 115 
901 |a 0500130622  |b IT1  |c JAL  |u 20250521 
902 |a https://opac.biblio.iteso.mx/vufind/Record/000187960